Normal view
MARC view
- TE-43 C
Entry Geographic Name
001 - CONTROL NUMBER
- control field: 131469
003 - CONTROL NUMBER IDENTIFIER
- control field: NUST
005 - DATE AND TIME OF LATEST TRANSACTION
- control field: 20251023125826.0
008 - FIXED-LENGTH DATA ELEMENTS
- fixed length control field: 251023|| aca||aabn | a|a d
040 ## - CATALOGING SOURCE
- Original cataloging agency: NUST
- Transcribing agency: NUST
151 ## - HEADING--GEOGRAPHIC NAME
- Geographic name: TE-43 C
670 ## - SOURCE DATA FOUND
- Source citation: Work cat.: (NUST)188353: Rehman, NC Zia ur (TE-43C) 131468, Speech Recognition system for controlling Electric Appliances /, July 2010
